000 00743nam a2200229 a 4500
999 _c1836
_d1836
001 1836
003 BD-JhCC
005 20171024212517.0
008 171024s2004 bg a|||| |||| 00| 0 ben d
020 _a9844940229
035 _a(BD-JhCC)1836
040 _aBD-JhCC
_dBD-JhCC
041 _aben
082 _222
_a574.52642
_bGIN 2004
100 _aগাইন, ফিলিপ
245 _aবন, বনবিনাশ ও বনবাসীর জীবন সংগ্রাম /
_cফিলিপ গাইন
260 _aঢাকা :
_bসোসাইটি ফর এনভায়রনমেন্ট,
_c২০০৪
300 _a263 p. :
_bill. ;
_c22cm.
650 _aDeforestation
942 _2ddc
_cBK